00381nam a2200121 i 4500001000300000100002300003245005700026260002100083040000800104041000800112008004100120856009800161bg1 aSZYMOŃSKI, Jerzy 0aInstrumentoznawstwo geodezyjne /cJerzy Szymoński. aWarszawa,c1964. cBPK apol s pl f |000 0 pol  uhttp://koha.tu.koszalin.pl/cgi-bin/koha/opac-detail.pl?biblionumber=47123yKatalog online BPK